000 00627cam a22002053a 4500
001 37155
003 PGUSA
005 20140828083820.0
008 110821s2011||||xxu|||||s|||||000 | eng d
040 _aPGUSA
_beng
042 _adc
100 1 _aMacKeracher, W. M.
_q(William Mackay),
_d1871-1913
245 1 0 _aCanada, My Land ;
_band, Other Compositions in Verse
_h[electronic resource] /
_cW. M. MacKeracher
260 _bProject Gutenberg,
_c2011
506 _aPublic domain in the USA.
516 _aElectronic text
830 0 _aProject Gutenberg
_v37155
856 4 0 _uhttp://www.gutenberg.org/ebooks/37155
942 _cEB
999 _c266409
_d266409